| 000 | 01052nam a22003497a 4500 | ||
|---|---|---|---|
| 003 | CHAP | ||
| 005 | 20220817043952.0 | ||
| 008 | 041115d2003 it rn 00110 eng d | ||
| 010 | _a89026 | ||
| 011 | _a89998 | ||
| 020 | _a9251049181 | ||
| 035 | _a100554 | ||
| 040 | _cCHAP | ||
| 082 | 0 | 4 |
_a641 _bF3 v.76 |
| 110 | 2 | _aFAO | |
| 245 | 1 | 0 |
_aAssuring food safety and quality: _bguidelines for strengthening national food control systems _c/by FAO |
| 260 |
_aRome : _bFAO, _c2003. |
||
| 300 |
_a73 p. ; _bdiagramas ; anexos |
||
| 410 | 2 | 1 | _aFAO |
| 490 | 0 |
_aAlimentación y nutrición _v; 76 |
|
| 590 |
_aBATCH-UPD _b10 _c20130110 _lUCH01 _h1856 |
||
| 590 |
_aBATCH-UPD _b10 _c20130410 _lUCH01 _h1225 |
||
| 590 |
_aCONVERSION _b10 _c20130109 _lUCH01 _h1349 |
||
| 650 | 1 | 4 |
_aAlimentos _xCalidad. |
| 650 | 1 | 4 |
_aAlimentos _xControl. _94211 |
| 810 | 0 | _aFAO | |
| 830 | 0 | 0 |
_aAlimentacion y nutricion _v; 76 _94112 |
| 901 | _aBK | ||
| 905 | _aMarco A. Mendoza T. | ||
| 942 | _cLIBRO | ||
| 949 |
_a641 F3 v.76 _bBC _cFAO _d33724000927000 _eFAO1 _h104845 _i100554 _sb |
||
| 999 |
_c89026 _d89026 |
||